|
|
|
|
| LEADER |
00611cam a2200181 a 4500 |
| 005 |
20200128112202.0 |
| 008 |
151229b xxu||||| |||| 00| 0 eng d |
| 999 |
|
|
|c 28446
|d 28446
|
| 020 |
|
|
|a 9780143420088
|
| 082 |
0 |
0 |
|a 823
|b THA
|
| 100 |
1 |
|
|a Tharoor, Shashi
|
| 245 |
1 |
4 |
|a The great Indian novel /
|c Shashi Tharoor
|
| 260 |
|
|
|a New Delhi, India ;
|a New York, N.Y. :
|b Penguin Books,
|c 2014.
|
| 300 |
|
|
|a 617p.
|
| 630 |
0 |
0 |
|a Mahabharata
|
| 650 |
|
|
|a Novel
|
| 942 |
|
|
|2 ddc
|c BK
|
| 952 |
|
|
|0 0
|1 0
|2 ddc
|4 0
|6 823_000000000000000_THA
|7 0
|9 39064
|a MAIN
|b MAIN
|d 2020-01-28
|e Cosmo books
|g 499.00
|o 823 THA
|p 35982
|r 2020-01-28
|t 1
|w 2020-01-28
|y BK
|